000 00824nam a2200229Ia 4500
001 12612
003 GE_BSU
008 181216s||||||||xx |||||||||||||| ||und||
040 _cGE_BSU
080 _a66.02(076.8)
100 _aПавлов,К.Ф.
245 _aПримеры и задачи по курсов процессов и аппаратов химической технологии
245 _cРед.Ю.К.Кузнецов
260 _aЛенинград
260 _bХимия
260 _c1987
300 _a575стр.22см.
300 _cБиблиогр. список с.402.Приложение с.510
300 _eТаблицы
653 _aПримеры и задачи по курсов процессов и аппаратов химической технологии
942 _cBK
999 _c45784
_d45784